Statistics for Soccer Best Free Kick Takers

Click here to take the quiz!

General Stats

  • This quiz has been taken 279 times
    (19 since last reset)
  • The average score is 8 of 21

Answer Stats

Country Player % Correct
ArgentinaMessi
100%
PortugalCristiano Ronaldo
95%
EnglandBeckham
79%
ItalyPirlo
74%
BrazilRoberto Carlos
63%
ArgentinaMaradona
63%
BrazilJuninho Pernambucano
37%
BrazilNeymar
32%
FrancePlatini
32%
ItalyDel Piero
32%
NetherlandsRonald Koeman
32%
ItalyRoberto Baggio
26%
ArgentinaRiquelme
26%
SerbiaMihajlovic
26%
BrazilRogério Ceni
21%
BrazilZico
21%
BrazilRonaldinho Gaúcho
16%
ItalyZola
16%
JapanNakamura
16%
BrazilMarcos Assunção
0%
Netherlandsvan Hoojidonk
0%

Score Distribution

Percentile by Number Answered

Percent of People with Each Score

Your Score History

You have not taken this quiz since the last reset